First aid manual : Emergency procedures for everyone at home,at work or at leisure

Bibliographic Details
Format: Book
Published: London : Dorling Kindersley , 1992
Subjects:

MARC

LEADER 00000cam a2200000 7i4500
001 0000001825
002 000001983
005 20000330.0
020 |a 0863189784 
090 0 0 |a 616.0252   |b FIR 
245 0 0 |a First aid manual :   |b Emergency procedures for everyone at home,at work or at leisure 
260 |a London :   |b Dorling Kindersley ,   |c 1992 
300 |a 256p. ;   |c 21cm. 
650 0 0 |a First aid 
650 0 0 |a First aid   |x Handbooks, manuals, etc. 
999 |a 033814   |b BUKU   |c PINJAMAN   |e PERPUSTAKAAN KOMUNITI PETALING JAYA 
999 |a 033815   |b BUKU   |c PINJAMAN   |e PERPUSTAKAAN KOMUNITI PETALING JAYA